How It’s done - Huntrix - Kpop demon hunters lyrics - Statistics

General Stats
  • This quiz has been taken 68 times
  • The average score is 295 of 454
Answer Stats
Answer % Correct
do,
92%
I
92%
done,
90%
done
90%
done)
90%
(done,
90%
how
90%
(how
90%
how,
90%
how)
90%
you
90%
you)
90%
a
88%
it
88%
it?
88%
bad
84%
it’s
82%
show
82%
(show
82%
the
82%
I’m
80%
(I’m
80%
to
80%
time
78%
time,
78%
go
76%
is
76%
ne
76%
so
76%
and
75%
beat
75%
came
75%
for
75%
at
73%
gonna
73%
in
73%
my
73%
when
73%
your
73%
get
71%
hear
71%
hello?)
71%
on
71%
wild?
71%
wild
71%
better
69%
I’ll
69%
just
69%
like
69%
like,
69%
Line
69%
no
69%
okay,
69%
okay
69%
us,
69%
(us,
69%
we
69%
’cause
67%
crossed
67%
down
67%
down,
67%
(down)
67%
hunt
67%
mind
67%
this
67%
this,
67%
baddest?
65%
but
65%
come
65%
lullaby
65%
mirror,
65%
mirror
65%
out
65%
up,
65%
up
65%
era
63%
fit
63%
Huntrix
63%
Huntrix,
63%
level
63%
mascara
63%
our
63%
that
63%
what
63%
what?
63%
who’s
63%
yeah
63%
Yeah,
63%
blood,
61%
check
61%
cute
61%
don’t
61%
(la
61%
la
61%
la)
61%
make
61%
not
61%
party
61%
phone,
61%
savage
61%
wanna
61%
beating
59%
isn’t
59%
knocking
59%
need
59%
pull
59%
sit
59%
sorry
59%
body
57%
body,
57%
even
57%
face,
57%
heels,
57%
nails,
57%
ringing
57%
sound
57%
bleeding
55%
born
55%
gettin’
55%
late
55%
little
55%
song
55%
battle
53%
bit
53%
blade,
53%
napalm
53%
play
53%
avoiding
51%
miss
51%
miss,
51%
night
51%
right,
51%
voice
51%
run,
49%
run
49%
that’s
49%
(uh)
49%
was
49%
da
47%
die,
47%
luck
47%
quit
47%
goin’
45%
know
45%
light
45%
naughty,
45%
playin’
45%
start
45%
town
45%
tryin’,
45%
want
45%
defeats
43%
humbling,
43%
might
43%
never
43%
Ugh,
43%
whole
43%
world
43%
about
41%
crown
41%
dark
41%
meets
41%
million
41%
point
41%
Rambo
41%
something
41%
’til
41%
afraid
39%
ain’t
39%
bite,
39%
facts,
39%
spittin’
39%
sunup
39%
talk,
39%
there
39%
you’re
39%
annoyed?
37%
fear
37%
look
37%
makin’
37%
nothing
37%
of
37%
ramble
37%
sundown,
37%
tryna
37%
venom
37%
from
35%
huh?
35%
natural
35%
unwavering
35%
words,
35%
breathe
33%
full
33%
kill
33%
tears,
33%
way,
33%
now,
31%
now
31%
now)
31%
one
31%
sweat,
31%
going
29%
(hey)
29%
loaded,
29%
locked
29%
turnin’
29%
we’re
29%
got
27%
(got
27%
took
27%
shootin’
25%
won
25%
either
24%
really?
24%
‘Em,
20%
dallaseo
12%
apgireul
8%
bikyeo
8%
bureul
8%
gapjagi
8%
geondeuryeo,
8%
geurae?
8%
ijeya
8%
meonjeo
8%
pogihae,
8%
wae
8%
wae?
8%
bichwo
6%
ppyeosokbuteo
6%
ppaetgyeo
4%
No matching quizzes found
Score Distribution
Percent of People with Each Score
Percentile by Number Answered
Your Score History
You have not taken this quiz